Could We Be Closer to Sustainable Marketing Through the Circular Economy?

Potenciál konštrukcie modelu obehového hospodárstva ako pragmatického kroku k trvalo udržateľnému marketingu. Obmedzenia a niektoré kritické názory na obehové hospodárstvo. Súčasná siutácia a výzvy. Podobnosti a rozdiely medzi udržateľnosťou a obehovým hospodárstvom.

Saved in:
Bibliographic Details
Main Author: Oreský, Milan, 1956-
Format: Book Chapter
Language:English
Subjects:
Tags: Add Tag
No Tags, Be the first to tag this record!

MARC

LEADER 00000naa$a2200000$$$4500
001 0259457
005 20240502074114.2
041 0 |a eng 
044 |a SK 
245 1 0 |a Could We Be Closer to Sustainable Marketing Through the Circular Economy?  |c Milan Oreský 
520 |a Potenciál konštrukcie modelu obehového hospodárstva ako pragmatického kroku k trvalo udržateľnému marketingu. Obmedzenia a niektoré kritické názory na obehové hospodárstvo. Súčasná siutácia a výzvy. Podobnosti a rozdiely medzi udržateľnosťou a obehovým hospodárstvom. 
610 2 0 |a hospodárstvo obehové 
610 2 0 |a marketing 
610 2 0 |a rozvoj trvalo udržateľný 
610 2 0 |a environmentalistika 
100 1 |a Oreský, Milan, 1956-